| 000 | 00354nam a22001337a 4500 | ||
|---|---|---|---|
| 008 | 160810b xxu||||| |||| 00| 0 eng d | ||
| 020 | _a1496163036 | ||
| 100 | _aStannard, Neil | ||
| 245 |
_aPiano Technique Demystified _bInsights into problem solving _cNeil Stannard |
||
| 250 | _a2nd ed. | ||
| 260 | _c2014 | ||
| 300 | _aix, 136p. | ||
| 942 |
_2lcc _cBK |
||
| 999 |
_c16044 _d16044 |
||